| 000 | 00336nam a22001457a 4500 | ||
|---|---|---|---|
| 082 |
_a8948123 _bSMA/K |
||
| 100 | _aRAJAN MOOTHAKUNNAM | ||
| 245 | _aKOZHIKUNJUM THARAVUM | ||
| 250 | _aFIRST | ||
| 260 |
_aCHERTHALA _bSHARON BOOKS _c2008 |
||
| 300 | _a66 | ||
| 520 | _aMALAYALAM SHORT STORY | ||
| 650 |
_aSHORT STORY _zKERALA |
||
| 942 | _cBK | ||
| 999 |
_c1083 _d1083 |
||